Los amores de Romaine = Romaine /
Αποθηκεύτηκε σε:
| Κύριος συγγραφέας: | |
|---|---|
| Άλλοι συγγραφείς: | , , , , , , , |
| Μορφή: | |
| Γλώσσα: | Γαλλικά |
| Έκδοση: |
Francia :
Magouric Productions : Téléma,
1997, c1997
|
| Θέματα: | |
| Ετικέτες: |
Δεν υπάρχουν, Καταχωρήστε ετικέτα πρώτοι!
|
MARC
| LEADER | 00000ngm^a2200000^a^4500 | ||
|---|---|---|---|
| 001 | 000187314 | ||
| 005 | 20250521000000.0 | ||
| 009 | 20260310102254.799 | ||
| 037 | |a Acervo ITESO - Biblioteca | ||
| 041 | |a FRA | ||
| 082 | |a 840. |b OBA | ||
| 100 | |a Obadia, Agnès |e (realización) | ||
| 245 | 1 | 4 | |a Los amores de Romaine = |b Romaine / |c Realización de A. Obadia. |
| 264 | 4 | |a Francia : |b Magouric Productions : |b Téléma, |c 1997, c1997 | |
| 264 | 2 | |a México : |b Séptimo Arte [distribución], |c 2004, c2004 | |
| 300 | |a 1 DVD regiones 1 y 4 |c (78 min.) | ||
| 336 | |a imagen móvil bidimensional |b tdi |2 rdacontenido | ||
| 337 | |a video |b v |2 rdamedio | ||
| 338 | |a videodisco |b vd |2 rdasoporte | ||
| 546 | |a En francés, con subtítulos en español | ||
| 649 | |a XX | ||
| 650 | |a Comedias Cinematográficas | ||
| 650 | |a Opera Prima | ||
| 650 | |a Cine Francés - |y 1990-1999 | ||
| 650 | |a Cine Francés - |y Siglo XX | ||
| 650 | |a Cine de Mujeres - |z Francia | ||
| 650 | |a Relaciones de Pareja | ||
| 650 | |a Sexualidad | ||
| 650 | |a Amistad | ||
| 650 | |a Soledad | ||
| 650 | |a Comunicación Personal | ||
| 700 | |a Obadia, Agnès |e (guión) | ||
| 700 | |a Gaget, Jean-Luc |e (guión) | ||
| 700 | |a Bénégui, Laurent |e (guión) | ||
| 700 | |a Pagès, Luc |e (fotógrafo) | ||
| 700 | |a Gaget, Jean-Luc |e (montaje) | ||
| 700 | |a Obadia, Agnès |e (actuación) | ||
| 700 | |a Delumeau, Martine |e (actuación) | ||
| 700 | |a Ionesco, Eva |e (actuación) | ||
| 910 | |a Fondo General | ||
| 920 | |a Audiovisuales - DVDs | ||
| 940 | |a Películas | ||
| 905 | |a 302 | ||
| 901 | |a 0500088824 |b IT2 |c DVS |u 20250521 | ||
| 902 | |a https://opac.biblio.iteso.mx/vufind/Record/000187314 | ||